| 000 | 00571nam a2200217 a 4500 | ||
|---|---|---|---|
| 005 | 20191224041550.0 | ||
| 008 | 140224b1974 ve ||||| |||| 00| 0 spa d | ||
| 040 |
_aCO-BoIAVH _cCO-BoIAVH |
||
| 041 | _aspa | ||
| 044 | _ave | ||
| 082 |
_a580.909 _bS85r |
||
| 100 | 1 | _aSteyermark, Julian A. | |
| 245 | 1 | _a Flora de Venezuela Rubiaceae | |
| 260 |
_aCaracas _bInstituto Botánico _c1974 |
||
| 300 | _a1459 Paginas | ||
| 650 | 6 | _aFlora | |
| 650 | 6 | _aVegetación | |
| 650 | 6 | _aClaves taxonómicas | |
| 662 | 6 | _aVenezuela | |
| 942 |
_cLIBRO _2ddc |
||
| 999 |
_c1003 _d1003 |
||